Albums de Gorillaz - Statistiques

Statistiques générales
  • Ce quiz a été pris 55 fois
    36 depuis la dernière actualisation
  • Le résultat moyen est 8 sur 9
Statistiques - réponses
Hint Réponse % Correct
2005 Demon Days
100%
2010 Plastic Beach
96%
2001 Gorillaz
93%
2017 Humanz
93%
2023 Cracker Island
85%
2018 The Now Now
81%
2026 The Mountain
78%
2020 Song Machine : Season One - Strange Timez
70%
2010 The Fall
67%
Aucun quiz correspondant
Distribution des résultats
% des personnes avec chaque résultat
Percentile par nombre de réponses
Votre historique - résultats
Vous n’avez pas pris ce quiz depuis la dernière actualisation